000 00987cab a2200301 4500
001 ABS58645
008 090401t1998 xxu||||| |||| 00| 0 eng d
035 _a(Sirsi) u85675
041 _aeng
100 _aMorgan, D.
245 _aShipley decision rocks landlords` boat
260 _c1998
350 _a0
490 _aProperty Week
_v62(12) 3 April 1998, 27(1)
520 _aDiscusses the implications for landlords of public houses of the Special Hours Certificate (SHC), following the HL decision in "R v Stafford Crown Court, ex parte Stephen Shipley". Looks at the effect on capital or rental values.
650 _aCAPITAL VALUE
650 _aCAPITAL VALUES
650 _aLICENSING
650 _aPUBLIC HOUSES
650 _aR V STAFFORD CROWN COURT EX P SHIPLEY
650 _aRENTAL VALUE
650 _aRENTAL VALUES
650 _aSPECIAL HOURS CERTIFICATES
690 _aRATING AND VALUATION
700 _aWebber, R.
942 _n0
948 _c17/04/1998
999 _c53891
_d53891